[Event "Kiel Cup U20"]
[Site "Kiel"]
[Date "2012.10.04"]
[Round "1"]
[White "Rublack, Valentin"]
[Black "Riess, Alexander"]
[Result "1-0"]
[WhiteElo "1719"]
[BlackElo "1504"]
[PlyCount "115"]
[EventDate "2012.10.??"]
[EventType "swiss"]
[EventRounds "7"]
[EventCountry "GER"]
[SourceTitle "EXT 2015"]
[Source "ChessBase"]
[SourceDate "2014.11.20"]
[SourceVersion "1"]
[SourceVersionDate "2014.11.20"]
[SourceQuality "1"]

1. d4 Nf6 2. Nf3 g6 3. Bf4 Bg7 4. Nbd2 0-0 5. e3 d6 6. Bd3 Nbd7 7. 0-0 a6 8. c4 Re8 9. Qc2 c5 10. Rfe1 Nh5 11. Bg3 Nxg3 12. hxg3 Rb8 13. Nb3 Qc7 14. Rac1 b6 15. e4 cxd4 16. Nbxd4 Qc5 17. Qc3 Ne5 18. Qb3 Ng4 19. Qc3 e5 20. Ne2 Qxf2+ 21. Kh1 Qc5 22. b4 Qc7 23. Bb1 Bb7 24. Kg1 Bh6 25. Rcd1 Ne3 26. Rc1 Rbc8 27. Nd2 Qe7 28. Kh2 Qg5 29. Nf3 Ng4+ 30. Kh1 Qh5+ 31. Kg1 Be3+ 32. Kf1 Qh1+ 33. Neg1 Bxc1 34. Qxc1 Qh6 35. Qc3 Qg7 36. Ne2 Nf6 37. Nd2 d5 38. exd5 Nxd5 39. Qf3 e4 40. Bxe4 Ne3+ 41. Qxe3 Bxe4 42. Nxe4 f5 43. Qxb6 Rxe4 44. c5 Qc7 45. Qxc7 Rxc7 46. Nc3 Rxe1+ 47. Kxe1 Kf7 48. Ke2 Ke6 49. Kd3 Kd7 50. Kc4 Kc6 51. a4 g5 52. b5+ Kb7 53. c6+ Ka7 54. Kc5 Kb8 55. b6 Re7 56. Kd6 Re3 57. Nd5 Rxg3 58. Kd7 1-0

[Event "Schleswig Holstein-ch U16 M"]
[Site "Neumuenster"]
[Date "2010.04.05"]
[Round "1"]
[White "Rublack, Valentin"]
[Black "Fritsche, Oliver"]
[Result "1/2-1/2"]
[WhiteElo "1788"]
[BlackElo "1364"]
[PlyCount "96"]
[EventDate "2010.04.05"]
[EventType "tourn"]
[EventRounds "9"]
[EventCountry "GER"]
[SourceTitle "EXT 2023"]
[Source "ChessBase"]
[SourceDate "2022.10.05"]
[SourceVersion "1"]
[SourceVersionDate "2022.10.05"]
[SourceQuality "1"]

1. e4 e6 2. d4 d5 3. exd5 exd5 4. Bd3 Bd6 5. Ne2 Ne7 6. 0-0 Bf5 7. c3 c6 8. Bf4 Bxd3 9. Qxd3 Ng6 10. Bg3 0-0 11. Nd2 Qf6 12. Rae1 Nd7 13. f4 Rfe8 14. c4 Ngf8 15. Nf3 dxc4 16. Qxc4 Nb6 17. Qd3 Qg6 18. f5 Qh6 19. Ne5 Rad8 20. Qf3 Nd5 21. Ng4 Qd2 22. f6 Nxf6 23. Nxf6+ gxf6 24. Bxd6 Rxd6 25. Qg3+ Ng6 26. Qxd6 Rxe2 27. Qd8+ Nf8 28. Rxe2 Qxe2 29. Qxf6 Qc4 30. b3 Qd5 31. Rf5 Qd7 32. h4 h6 33. Rf3 Nh7 34. Rg3+ Kf8 35. Qg7+ Ke7 36. Qxh7 Qxd4+ 37. Kh2 Qxh4+ 38. Rh3 Qf4+ 39. Kg1 Qc1+ 40. Kf2 Qd2+ 41. Kf3 Qd1+ 42. Kf4 Qd6+ 43. Ke3 Qc5+ 44. Kf3 Qc3+ 45. Ke2 Qb2+ 46. Ke3 Qc1+ 47. Kf3 Qd1+ 48. Kf4 Qd6+ 1/2-1/2

[Event "GER North-chT U16"]
[Site "Verden an der Aller"]
[Date "2008.09.13"]
[Round "4.1"]
[White "Marx, Joschka"]
[Black "Rublack, Valentin"]
[Result "1/2-1/2"]
[WhiteElo "1933"]
[BlackElo "1515"]
[PlyCount "72"]
[EventDate "2008.09.12"]
[EventType "team-swiss"]
[EventRounds "6"]
[EventCountry "GER"]
[SourceTitle "EXT 2011"]
[Source "ChessBase"]
[SourceDate "2010.11.26"]
[SourceVersion "1"]
[SourceVersionDate "2010.11.26"]
[SourceQuality "1"]
[WhiteTeam "Segeberg SF"]
[BlackTeam "Kiel Doppelbauer"]
[WhiteTeamCountry "GER"]
[BlackTeamCountry "GER"]

1. e4 e5 2. Nf3 Nc6 3. d3 Nf6 4. Nbd2 Bc5 5. h3 h6 6. g3 d6 7. Bg2 Be6 8. c3 0-0 9. 0-0 Nd7 10. Nb3 Bb6 11. Nh4 Ne7 12. g4 c6 13. Nf5 d5 14. Be3 Bxf5 15. gxf5 Nf6 16. Qe2 dxe4 17. dxe4 Qc7 18. Nd2 a6 19. a4 Bxe3 20. Qxe3 Nh5 21. a5 Nf4 22. Nc4 Rad8 23. Rfd1 f6 24. Bf1 Kh7 25. Qc5 Qc8 26. Kh2 Rxd1 27. Rxd1 Rd8 28. Rxd8 Qxd8 29. Ne3 Qd2 30. Nc4 Qe1 31. Bg2 Nxg2 32. Kxg2 Qxe4+ 33. f3 Qxf5 34. Ne3 Qg5+ 35. Kf2 Qh4+ 36. Ke2 Qxh3 1/2-1/2

[Event "GER North-chT U16"]
[Site "Verden an der Aller"]
[Date "2008.09.12"]
[Round "1.1"]
[White "Rublack, Valentin"]
[Black "Wierum, Colin"]
[Result "0-1"]
[WhiteElo "1515"]
[BlackElo "1822"]
[PlyCount "50"]
[EventDate "2008.09.12"]
[EventType "team-swiss"]
[EventRounds "6"]
[EventCountry "GER"]
[SourceTitle "EXT 2011"]
[Source "ChessBase"]
[SourceDate "2010.11.26"]
[SourceVersion "1"]
[SourceVersionDate "2010.11.26"]
[SourceQuality "1"]
[WhiteTeam "Kiel Doppelbauer"]
[BlackTeam "Hagen"]
[WhiteTeamCountry "GER"]
[BlackTeamCountry "GER"]

1. e4 g6 2. d4 Bg7 3. c3 d6 4. Bf4 Nf6 5. Nd2 0-0 6. Qb3 c6 7. 0-0-0 b5 8. d5 cxd5 9. exd5 a6 10. f3 Nbd7 11. Ne4 Bb7 12. Ne2 Rc8 13. Bg5 Qa5 14. Kb1 Rc7 15. g3 Rfc8 16. Bh3 Re8 17. Nf4 Rc4 18. Rhe1 Nxe4 19. Rxe4 Nc5 20. Qc2 Nxe4 21. fxe4 h6 22. e5 hxg5 23. Nxg6 dxe5 24. Qf5 Qb6 25. Rf1 Qxg6 0-1

[Event "GER-ch U14"]
[Site "Willingen"]
[Date "2008.05.11"]
[Round "2"]
[White "Rublack, Valentin"]
[Black "Von Schwerin, Clemens"]
[Result "0-1"]
[WhiteElo "1577"]
[BlackElo "1914"]
[PlyCount "84"]
[EventDate "2008.05.11"]
[EventType "swiss"]
[EventRounds "9"]
[EventCountry "GER"]
[SourceTitle "CBM 124 Extra"]
[Source "ChessBase"]
[SourceDate "2008.07.03"]
[SourceVersion "1"]
[SourceVersionDate "2008.07.03"]
[SourceQuality "1"]

1. e4 c6 2. d4 d5 3. exd5 cxd5 4. Bd3 Nc6 5. c3 Qc7 6. h3 e6 7. Nf3 Bd6 8. 0-0 Nge7 9. Qc2 Ng6 10. Re1 0-0 11. h4 Re8 12. h5 Nf8 13. h6 g6 14. Bg5 Bf4 15. Bxf4 Qxf4 16. Qd2 Qxd2 17. Nbxd2 Bd7 18. Ne5 Ne7 19. Ng4 Rec8 20. Nf6+ Kh8 21. Nf3 Ng8 22. Ng4 f6 23. g3 e5 24. Nfh2 e4 25. Bc2 Ne6 26. Bb3 Bc6 27. Ne3 Rd8 28. Nhg4 f5 29. Ne5 Nxh6 30. Kg2 Ng5 31. Rh1 Kg7 32. Rh2 Nhf7 33. f4 Nxe5 34. dxe5 Nf3 35. Rhh1 d4 36. cxd4 Nxd4 37. Kf2 Nxb3 38. axb3 Rd2+ 39. Ke1 Rxb2 40. Ra3 Rb1+ 41. Nd1 e3 42. Rf1 Rd8 0-1

[Event "Schleswig Holstein-ch U12"]
[Site "Neumuenster"]
[Date "2006.04.04"]
[Round "4"]
[White "Marx, Inge"]
[Black "Rublack, Valentin"]
[Result "1-0"]
[WhiteElo "1139"]
[BlackElo "765"]
[PlyCount "45"]
[EventDate "2006.04.02"]
[EventType "swiss"]
[EventRounds "11"]
[EventCountry "GER"]
[SourceTitle "EXT 2007"]
[Source "ChessBase"]
[SourceDate "2006.11.23"]
[SourceVersion "1"]
[SourceVersionDate "2006.11.23"]
[SourceQuality "1"]

1. e4 e5 2. Nf3 Nc6 3. Bc4 Bc5 4. Nc3 Nf6 5. 0-0 0-0 6. d3 d6 7. Bg5 h6 8. Bh4 Qd7 9. Bxf6 gxf6 10. Nd5 Qd8 11. Qd2 Kg7 12. Nh4 f5 13. Nxf5+ Bxf5 14. exf5 Ne7 15. f6+ Kg6 16. fxe7 Qc8 17. exf8Q Qxf8 18. Qe2 h5 19. Qf3 Qd8 20. d4 Bxd4 21. Bd3+ Kg7 22. Qxh5 e4 23. Bxe4 1-0